Geografia Brasileira - Avançado - Statistics

Estatísticas Gerais
  • Esse quiz foi jogado 382 vezes
    353 desde o último reset
  • A pontuação média é 10 de 82
Estatísticas das Respostas
Hint Resposta % Correto
Maior estado da federação. Amazonas
98%
Quantidade de estados na União. 26
93%
Única unidade administrativa ainda existente que não é estado. Distrito Federal
88%
Menor estado da federação. Sergipe
87%
Bioma com a maior floresta do mundo. Floresta Amazônica
83%
Bioma semi-árido brasileiro. Caatinga ou Mata Branca
58%
Único outro bioma hotspot brasileiro. Cerrado
37%
Maior rio do país. Rio Amazonas
37%
Bioma com chuvas bem distributors ao longo do ano. Pampas ou Pradarias ou Campos sulinos
34%
Bioma hotspot também conhecido como "Mares de Morros". Mata Atlântica
33%
3º Maior rio do país. Rio São Francisco
24%
Maior usina hidrelétrica brasileira (14GW), segunda no mundo, compartilhada com o Paraguai. Usina hidrelétrica de Itaipu
23%
2º Maior rio do país. Rio Paraná
20%
Bioma de transição composto por palmáceas, principalmente babaçu e carnaúba. Mata dos Cocais
19%
Rio em que se localiza a usina acima. Rio Paraná (PR)
19%
Maior porto do Brasil. Santos (SP)
19%
Bioma de transição entre as fozes de rios e o oceano. Mangue
17%
Bioma de transição localizado na Depressão do Chaco. Pantanal
16%
Maior grupo cultural indígena que ocupava o litoral antes da chegada dos portugueses. Tupi-Guarani
15%
Empresa criada na Era Vargas responsável por todos os projetos de mineração acima. Vale
12%
Segundo maior aquífero do mundo, dividido entre Brasil, Argentina, Paraguai e Uruguai. Guarani
11%
Vegetação rasteira que cobre praias e dunas e reduz erosão. Restinga
11%
Maior laguna do Brasil. Lagoa dos Patos (RS)
9%
Exemplar do anterior famoso na cidade do Rio de Janeiro. Pão de Açúcar
9%
Bacia hidrográfica com maior potencial hidrelétrico. Amazônica
8%
Bioma mais desmatado (98%). Mata das Araucárias
8%
Maior usina hidrelétrica inteiramente brasileira (11GW). Usina hidrelétrica de Belo Monte
8%
Região onde está o Planalto da Borborema, no Nordeste. Agreste
7%
Característica de vegetações com folhas largas e grandes. Latifoliada
7%
Característica de vegetações com folhas o ano inteiro. Perenifólia
7%
Maior aquífero do mundo, localizado no norte do país. Alter do Chão
6%
Característica de vegetações que perdem as folhas durante certa época do ano. Caducifólia ou Decídua
6%
Rio em que se localiza a usina acima. Rio Xingu, Altamira (PA)
6%
Região onde está a depressão interplanáltica do Nordeste. Sertão
6%
Característica de vegetações de ambientes secos. Xerófila
6%
Região onde estão as planícies praianas e tabuleiros litorâneos do Nordeste. Zona da Mata
6%
Maior bacia hidrográfica completamente brasileira Araguaia-Tocantins
5%
Empresa responsável pela mineração de Sal-gema embaixo de Maceió. Braskem
5%
Característica de vegetações de ambientes aquáticos. Hidrófila
5%
Hidrovia que conecta Porto Velho (RO) e Manaus (AM). Hidrovia do Madeira
5%
Hidrovia que conecta Manaus (AM) e Belém (PA). Hidrovia do Amazonas
4%
Exemplar do anterior, visto na páscoa de 1500, onde desembarcaram os primeiros portugueses. Monte Pascoal
4%
Maior reserva indígena no Brasil. Parque Indígena do Xingu
4%
Característica de vegetações com folhas em formato de agulha (adaptadas à neve). Aciculifoliada
3%
Característica de vegetações de ambientes salinos. Halófila
3%
Característica de vegetações de ambientes úmidos. Higrófila ou Ombrófila
3%
Uma das três bacias hidrográficas que compõem a bacia acima Paraná, Paraguai ou Uruguai
3%
Bacia hidrográfica com maior potencial hidrelétrico aplicado. Platina
3%
Localização do Projeto Carajás (Grande Carajás). Serra dos Carajás (PA)
3%
Porto que exporta grãos, celulose, petróleo e produtos do Quadrilátero Ferrífero. Tubarão (ES)
3%
Característica de vegetações com raízes ramificadas a partir de um eixo vertical. Axial ou Pivotante
2%
Característica de vegetações com raízes ramificadas de um só ponto. Fasciculada ou Em cabeleira
2%
Característica de vegetações de ambiente ensolarado. Heliófita
2%
Porto que exporta grãos e produtos do Projeto Grande Carajás. Itaqui (MA)
2%
Segundo maior grupo cultural indígena que ocupava o interior da América do Sul antes da chegada dos portugueses. Macro-Jê
2%
Região onde estão os planaltos e chapadas da Bacia do Paraíba. Meio-Norte
2%
Localização do Projeto Parauapebas (Grande Carajás). Parauapebas (PA)
2%
Rio em que se localiza a usina acima. Rio Tocantins (PA)
2%
Característica de vegetações de ambiente sombreado. Umbrófila
2%
Usina hidrelétrica que abastece Manaus criticada por ter sido construída em uma planície, produzindo somente 250MW Usina hidrelétrica de Balbina
2%
Quarta maior usina hidrelétrica do Brasil (8.3GW). Usina hidrelétrica de Tucuruí
2%
Dupla de usinas hidrelétricas localizadas no Rio Madeira. Usinas hidrelétricas de Jirau e Santo Antônio
2%
Nome dado ao solo laterizado. Canga
1%
Região do Brasil com maior produção de carvão mineral. Cinturão Carbonífero
1%
Planalto cristalino horizontal (soleira) ou vertical (dique) formado por rochas magmáticas intrusivas ou metamórficas. Inselberg ou Morro Testemunho
1%
Tipo de carvão mineral mais comum no Brasil. Linhito (75%)
1%
Rio em que se localiza a usina acima. Rio Tapajós (PA)
1%
Rio em que se localiza a usina acima. Rio Uatumã (AM)
1%
Localização do Projeto Trombetas (Grande Carajás). Serra do Oriximiná (PA)
1%
Característica de vegetações adaptadas a chuvas sazonais. Tropófila
1%
Terceira maior usina hidrelétrica do Brasil (8.4GW). Usina hidrelétrica de São Luís do Tapajós
1%
Localização do Maciço de Urucum. Corumbá (MS)
0%
Escoamento do Maciço de Urucum. Ferrovia Bolívia-Brasil ou Hidrovia do Paraguai
0%
Escoamento do Projeto Carajás (Grande Carajás). Ferrovia dos Carajás
0%
Escoamento do Quadrilátero Ferrífero. Ferrovia Minas-Vitória ou Minerodutos
0%
Escoamento do Projeto Parauapebas (Grande Carajás). Hidrovia do Rio Capim
0%
Escoamento do Projeto Trombetas (Grande Carajás). Hidrovias da Amazônia
0%
Reserva mineral de mais de 45 mil km² no estado do Amapá RENCA
0%
Rio em que se localiza a usina acima. Rio São Francisco (BA)
0%
Localização do Quadrilátero Ferrífero. Serra do Espinhaço (MG)
0%
Maior etnia indígena na Floresta Amazônica atualmente. Tikuna
0%
Usina hidroelétrica que deu origem ao Movimento dos Atingidos por Barragem (MAB). Usina hidrelétrica de Sobradinho
0%
Nenhum quiz correspondente encontrado
Distribuição das Pontuações
Porcentagem de Pessoas com Cada Pontuação
Percentil de Números Respondidos
Sua Pontuação Histórica
Você não jogou esse quiz desde o último reset